Finační řízení neziskové organizace
Efektívne vykonávanie činnosti a správne nastavenie finančného riadenia neziskovej organizácie. Úlohy a funkcie neziskových organizácií a financovanie hlavného účelu, pre ktoré boli tieto organizácie založené.
Saved in:
| Main Author: | |
|---|---|
| Format: | Book Chapter |
| Language: | Czech |
| Subjects: | |
| Tags: |
No Tags, Be the first to tag this record!
|
MARC
| LEADER | 00000nla$a2200000$$$4500 | ||
|---|---|---|---|
| 001 | 0144348 | ||
| 005 | 20221107084121.9 | ||
| 041 | 0 | |a cze | |
| 044 | |a CZ | ||
| 245 | 1 | 0 | |a Finační řízení neziskové organizace |c Miroslav Hálek |
| 520 | |a Efektívne vykonávanie činnosti a správne nastavenie finančného riadenia neziskovej organizácie. Úlohy a funkcie neziskových organizácií a financovanie hlavného účelu, pre ktoré boli tieto organizácie založené. | ||
| 610 | 2 | 0 | |a organizácie neziskové |
| 610 | 2 | 0 | |a organizácie spoločenské |
| 610 | 2 | 0 | |a združenia |
| 610 | 2 | 0 | |a nadácie |
| 610 | 2 | 0 | |a rozpočet prevádzkový |
| 610 | 2 | 0 | |a riadenie finančné |
| 610 | 2 | 0 | |a projekty |
| 610 | 2 | 0 | |a zdroje finančné |
| 610 | 2 | 0 | |a cash flow |
| 610 | 2 | 0 | |a efektívnosť ekonomická |
| 100 | 1 | |a Hálek, Miroslav | |